书目信息 |
| 题名: |
企业资源计划(ERP)原理与实施
|
|
| 作者: | 宋卫 编著 | |
| 分册: | ||
| 出版信息: | 北京 机械工业出版社 2006.02 |
|
| 页数: | 213页 | |
| 开本: | 26cm | |
| 丛书名: | ||
| 单 册: | ||
| 中图分类: | F270.7 | |
| 科图分类: | ||
| 主题词: | 企业管理--qi ye guan li--计算机管理系统--ERP--高等学校 : 技术学校--教材 | |
| 电子资源: | ||
| ISBN: | 7-111-18043-7 | |
| 000 | 00951nam0 2200241 450 | |
| 001 | 012006860171 | |
| 005 | 20060919101953.76 | |
| 010 | @a7-111-18043-7@dCNY20.00 | |
| 100 | @a20060617d2006 km y0chiy0120 ea | |
| 101 | 0 | @achi |
| 102 | @aCN@b110000 | |
| 105 | @ay a 000yy | |
| 200 | 1 | @a企业资源计划(ERP)原理与实施@Aqi ye zi yuan ji hua(ERP)yuan li yu shi shi@f宋卫编著@Fsong wei bian zhu |
| 210 | @a北京@c机械工业出版社@d2006.02 | |
| 215 | @a213页@d26cm | |
| 300 | @a21世纪高职高专规划教材系列 | |
| 320 | @a有书目。 | |
| 330 | @a本书遵循企业信息化建设的一般程序和人类认知规律,以一个典型企业——ABC公司实施与应用企业资源计划(ERP)的实例为主线进行阐述。全书共11章,深入浅出地介绍了ERP的基本概念、发展和应用,企业管理与 | |
| 606 | 0 | @a企业管理@Aqi ye guan li@x计算机管理系统@xERP@x高等学校 : 技术学校@j教材 |
| 690 | @aF270.7@v4 | |
| 701 | 0 | @a宋卫@Asong wei@4编著 |
| 801 | 0 | @aCN@bQSSK@c20060919 |
| 905 | @a10447@dF270.7@eS782 | |
| 企业资源计划(ERP)原理与实施/宋卫编著.-北京:机械工业出版社,2006.02 |
| 213页;26cm |
| 21世纪高职高专规划教材系列 |
| ISBN 7-111-18043-7:CNY20.00 |
| 本书遵循企业信息化建设的一般程序和人类认知规律,以一个典型企业——ABC公司实施与应用企业资源计划(ERP)的实例为主线进行阐述。全书共11章,深入浅出地介绍了ERP的基本概念、发展和应用,企业管理与 |
| ● |
| 相关链接 |
|
|
|
正题名:企业资源计划(ERP)原理与实施
索取号:F270.7/S782
 
预约/预借
| 序号 | 登录号 | 条形码 | 馆藏地/架位号 | 状态 | 备注 |
| 1 | 588666 | 205886665 | 社科库409/409社科库 86排3列5层/ [索取号:F270.7/S782] | 在馆 | |
| 2 | 588667 | 205886674 | 社科库409/409社科库 42排1列1层/ [索取号:F270.7/S782] | 在馆 | |
| 3 | 588668 | 205886683 | 社科库409/409社科库 42排1列1层/ [索取号:F270.7/S782] | 在馆 |